000 00690nam a22002055i 4500
001 162779
003 ES-MaACL
005 20240501063052.0
008 050627s1894 po | |||||||| ||por d
040 _aCAM
_bspa
_cCAM
100 0 _aQuental, Antero de
_d1842-1891
_994520
245 1 0 _aZara /
_cAnthero de Quental.
250 _aEd. polyglotta.
260 _aLisboa :
_bImprensa Nacional,
_c1894.
300 _a89 p. ;
_c20 cm.
597 _aPort. a dos tintas.
852 _aES-MaACL
_jT-768-F-4
_z-- Enc. hol., conservando la enc. original
_z-- Enc. en un vol. facticio ; ejemp. nÂș 268 de un tirada de 100 (de 181 a 280)
999 _c162779
_d162779